000 00388nam a2200145Ia 4500
008 231129s1980||||xx |||||||||||||| ||spa||
020 _a84-8277-042-X
040 _bspa
082 _a331.31861 M972n
100 _aMuñoz V. Cecilia
245 0 _aEl nino trabajador: testimonios
260 _c1980
264 _aCarlos Valencia
942 _2ddc
_cBKS
999 _c11848
_d11848